Statistics for Countries Whose Names Start with Saint

Click here to take the quiz!

General Stats

  • This quiz has been taken 27,621 times
  • The average score is 4 of 5

Answer Stats

Country % Correct
Saint Lucia
93%
Saint Kitts and Nevis
91%
Saint Vincent and the Grenadines
87%
São Tomé and Príncipe
72%
San Marino
65%

Score Distribution

Percentile by Number Answered

Percent of People with Each Score

Your Score History

You have not taken this quiz